Villes traversées par l'autoroute A51 - autoroute du val de Durance - Statistiques

Statistiques générales
  • Ce quiz a été pris 25 fois
  • Le résultat moyen est 6 sur 8
Statistiques - réponses
ville population kilomètre % Correct
Marseille 878 325 0
100%
Aix-en-Provence 150 149 17
96%
Gap 40 379 154
96%
Grenoble 157 477 243
92%
Manosque 23 551 70
75%
Échirolles 37 516 239
71%
Pertuis 20 193 35
50%
Les Pennes Mirabeau 22 562 3
42%
Aucun quiz correspondant
Distribution des résultats
% des personnes avec chaque résultat
Percentile par nombre de réponses
Votre historique - résultats
Vous n’avez pas pris ce quiz